1624 1058 1905 1983 1828 1636 1686 1673 1595 1594 1287 1216 1726 1938 1939 1778 1636 1706 1864 1527 1414 1144 1500 1126 1869 1892 1017 1583 1365 1513 1920 1866 1127 1096 1260 1683 1786 1775 1643 1382 1621 1667 1382 1382 1771 1051 1186 1246 1489 1304 1966 1424 1813 1038 1099 1968 1695 1359 1885 1825 1636 1347 1795 1135 1936 1033 1427 1654 1657 1696 1113 1477 1298 1885 1577 1839 1586 1035 1779 1664 1611 1616 1154 1276 1963 1568 1636 1883 1881 1116 1477 1670 1141 1443 1876 1634 1804 1523 1520 BCNSPRNW ULIB Ver.6.0+V

เปลี่ยนเป็นภาษาไทย

Change to English
 แสดงรายละเอียดบรรณานุกรม
  กลับหน้าหลัก

Brief Record : Get Marc (ISO 2709) : E-mail record : QR code < ปิดหน้าต่าง
LEADER : 00000nam 2200000uu 4500
001    13399125673
003     ULIB
008    170714s2559||||th 000 0 tha d
020    ^a9786161810535
060  0 ^aQV766^bธ619ป
100 0  ^aธิษณา จรรยาชัยเลิศ^eเรียบเรียง
245 00 ^aประโยชน์มหัศจรรย์: น้ำมันมะกอก /^cธิษณา จรรยาชัยเลิศ^eเรียบเรียง
260    ^aกรุงเทพฯ :^bอมรินทร์เฮลท์ อมรินทร์พริ้นติ้งแอนด์พับลิชชิ่ง,^c2559
300    ^a118 หน้า :^bภาพประกอบ(สีบางส่วน) ;^c21 ซม.
650  0 ^aพืชน้ำมัน^xพืชที่ใช้เป็นยา
650  0 ^aมะกอก^xพืชที่ใช้รักษา
650  0 ^aน้ำมันมะกอก
650  0 ^aสมุนไพร
650  0 ^aการดูแลสุขภาพด้วยน้ำมันมะกอก
650  0 ^aการรักษาโรค
650  0 ^aความงาม
700 0  ^aธิษณา จรรยาชัยเลิศ^eเรียบเรียง
830  0 ^aชุดชีวิตและสุขภาพ^bลำดับที่ 197
945    ^p89^l0^i002656
945    ^p89^l0^i002657
999    ^aประนอม เกษจรัล
รายการนี้ยังไม่มีแท็ก
คุณยังไม่ได้ล็อกอิน คุณสามารถมีกิจกรรมร่วมกับเว็บไซต์ได้ แต่ต้องล็อกอินก่อน ::
  ล็อกอิน

รายการสื่อสารสนเทศ

ลำดับที่ ประเภท เลขเรียก/บาร์โค้ด สถานที่ สถานะ
1. วิทยาศาสตร์การแพทย์ และสุขภาพ
วิทยาศาสตร์การแพทย์ และสุขภาพ
สถานะ=หนังสือเก่า
QV766 ธ619ป ฉ.1 
  Barcode: 002656
ห้องสมุดวิทยาเขตสวรรค์ประชารักษ์
►ส่วนจัดเก็บหนังสือเก่า สปร
บนชั้น
  ขอยืม
2. วิทยาศาสตร์การแพทย์ และสุขภาพ
วิทยาศาสตร์การแพทย์ และสุขภาพ
สถานะ=หนังสือเก่า
QV766 ธ619ป ฉ.2 
  Barcode: 002657
ห้องสมุดวิทยาเขตสวรรค์ประชารักษ์
►ส่วนจัดเก็บหนังสือเก่า สปร
บนชั้น
  ขอยืม

รายการใกล้เคียง
    หัวเรื่อง [น้ำมันมะกอก]
    หัวเรื่อง [สมุนไพร]
    หัวเรื่อง [การดูแลสุขภาพด้วยน้ำมันมะกอก]
    หัวเรื่อง [การรักษาโรค]
    หัวเรื่อง [ความงาม]

BibComment


ยังไม่เคยถูกคอมเมนท์

คอมเมนท์ทรัพยากรรายการนี้
  คอมเมนท์: ประโยชน์มหัศจรรย..


 Copyright 2026. Bcnsprnw @Library